000
00281nam a2200121Ia 4500
008
190216s9999||||xx |||||||||||||| ||und||
100
_a
Chhabra H K
245
0
_a
History Of Modern World
260
_b
Surjeet Pubs.Delhi
_c
1987
300
_a
370p
650
_a
History
942
_c
BK
999
_c
20006
_d
20006